[Event "Arsenyev Sazykin Memorial"]
[Site "Arsenyev"]
[Date "2007.07.20"]
[Round "7"]
[White "Kopaev, Pavel"]
[Black "Beltsev, Mikhail"]
[Result "1/2-1/2"]
[WhiteElo "2154"]
[BlackElo "1969"]
[PlyCount "62"]
[EventDate "2007.07.14"]
[EventType "tourn"]
[EventRounds "11"]
[EventCountry "RUS"]
[SourceTitle "EXT 2022"]
[Source "ChessBase"]
[SourceDate "2021.10.06"]
[SourceVersion "1"]
[SourceVersionDate "2021.10.06"]
[SourceQuality "1"]

1. e4 d6 2. d4 g6 3. c4 Bg7 4. Nf3 Bg4 5. Be2 Nc6 6. Be3 Nf6 7. Nc3 0-0 8. 0-0 e5 9. d5 Ne7 10. Qd2 Nh5 11. h3 Bd7 12. Ng5 Nf4 13. Bxf4 exf4 14. Qxf4 h6 15. Nf3 f5 16. e5 g5 17. Qe3 dxe5 18. Rad1 Ng6 19. d6 c6 20. c5 Qf6 21. Bc4+ Kh7 22. Rfe1 Rad8 23. Rd2 e4 24. Nd4 f4 25. Nxe4 fxe3 26. Nxf6+ Bxf6 27. fxe3 Ne5 28. Bb3 g4 29. hxg4 Nxg4 30. Bc2+ Kh8 31. e4 Ne5 1/2-1/2